Chargers 25-26 Roster - Statistics

General Stats
  • This quiz has been taken 102 times
    76 since last reset
  • The average score is 23 of 33
Answer Stats
Hint Answer % Correct
QB Justin Herbert
100%
RB (IR) Omarion Hampton
98%
WR Ladd Mconkey
96%
WR Keenan Allen
94%
RB Kimani Vidal
94%
K Cam Dicker
92%
PR Ladd McConkey
88%
WR Quentin Johnston
88%
RB (IR) Najee Harris
87%
SS Derwin James Jr.
85%
LT Joe Alt
81%
LS Josh harris
81%
LB Khalil Mack
81%
HC Jim Harbaugh
75%
C Bradley Bozeman
71%
LG Zion Johnson
71%
KR Derius Davis
65%
TE Oronde Gadsden II
65%
FB Scott Matlock
65%
CB Cam Hart
63%
LB Daiyan Henley
63%
NB Tarheeb Still
63%
RT Trey Pipkins III
63%
P JK Scott
62%
H JK Scott
62%
RG Mekhi Becton
54%
NT Teair Tart
52%
LB Denzel Perryman
50%
CB Donte Jackson
50%
LB Tuli Tuipulotu
46%
FS Elijah Molden
44%
DE Justin Eboigbe
12%
DE Naquan Jones
6%
No matching quizzes found
Score Distribution
Percent of People with Each Score
Percentile by Number Answered
Your Score History
You have not taken this quiz since the last reset